| 000 | 00553cam a2200193 i 4500 | ||
|---|---|---|---|
| 999 |
_c58271 _d58271 |
||
| 001 | 4585585 | ||
| 005 | 20211019112228.0 | ||
| 008 | 750818r1970 cau 000 0 eng | ||
| 020 | _a9788779897601 | ||
| 041 | _aeng | ||
| 080 | _a299.93 H-88 | ||
| 100 | 1 |
_aHubbard, L. Ron _q _d _912506 |
|
| 245 | 1 | 0 |
_aScientology 0-8 : _bthe book of basics / _cby L. Ron Hubbard. |
| 264 |
_aLos Angeles : _bNew Era, _c2007. |
||
| 300 |
_a152 p. ; _c21 cm. |
||
| 653 | _athe book of basics | ||
| 653 | _aსაბაზისო წიგნი | ||
| 942 |
_2udc _cBK |
||